000 00689nam a22002055i 4500
001 161848
003 ES-MaACL
005 20250824073800.0
008 010711s1886 sp |||| | spa d
040 _aCAM
_bspa
_cCAM
100 1 _aPérez Galdós, Benito,
_d1843-1920
_990871
245 1 0 _aGerona /
_cpor Benito Pérez Galdós.
250 _a4ª ed.
260 _aMadrid :
_b[s.n.],
_c1886 (
_fImprenta y litografía de La Guirnalda)
300 _a262 p. ;
_c17 cm.
490 1 _aEpisodios nacionales. Primera serie ;
_v7
830 0 0 _aEpisodios nacionales.
_pPrimera serie
_v7
_9188350
852 _aES-MaACL
_jB-5805
_z-- Enc. pasta española
999 _c161848
_d161848